| 000 | 00000nam##2200000za#4500 |
| 001 | 9.645871 |
| 003 | CaOODSP |
| 005 | 20200330132251 |
| 007 | ta |
| 008 | 150407|1995||||xxc||||| f|0| 0 eng|d |
| 020 | |a0-662-23229-1 |
| 040 | |aCaOODSP|beng |
| 043 | |an-cn--- |
| 086 | 1 |aCH4-1/8-1995E |
| 110 | 1 |aCanada. |bCanadian Heritage. |
| 245 | 10|aTelevision violence : |ba review of the effects on children of different ages / |cby Wendy L. Josephson. |
| 260 | |aOttawa - Ontario : |bCanadian Heritage |c1995. |
| 300 | |a70p. : |breferences ; |c28 cm. |
| 500 | |aContents: Executive summary.--Introduction.--Infants (children up to 18 months).--Toddlers (children 18 months to 3 years old).--Early childhood or preschool age (children ages 3 to 5).--Middle childhood or elementary school age (children ages 6 to 11).--Adolescence (children ages 12 to 17).--Conclusion.--Appendix I: Effects of television violence on especially vulnerable groups.--Appendix II: Responses to common criticisms of research on the relationship between television violence and aggression.--Appendix III: Research on the effects of violent video games. |
| 563 | |aSoftcover |
| 590 | |a95-25|b1995-06-23 |
| 690 | 07|aTelevision|2gcpds |
| 690 | 07|aViolence|2gcpds |
| 720 | 1 |aJosephson, Wendy L. |
| 775 | 08|tÉtude sur les effets de la violence télévisuelle sur les enfants, selon leur âge / |w(CaOODSP)9.679493 |
| 776 | 0#|tTelevision violence : |w(CaOODSP)9.696379 |